A barkochba játék eredetéhez
Elmentve itt :
| Szerző: | |
|---|---|
| Dokumentumtípus: | Cikk |
| Megjelent: |
2009
|
| Sorozat: | Iskolakultúra
19 No. 10 |
| Online Access: | http://misc.bibl.u-szeged.hu/42480 |
| LEADER | 00554nab a2200169 i 4500 | ||
|---|---|---|---|
| 001 | misc42480 | ||
| 005 | 20191106140626.0 | ||
| 008 | 180706s2009 hu o 0|| zxx d | ||
| 022 | |a 1215-5233 | ||
| 040 | |a SZTE Miscellanea Repozitórium |b hun | ||
| 041 | |a zxx | ||
| 100 | 1 | |a Lengyel András | |
| 245 | 1 | 2 | |a A barkochba játék eredetéhez |h [elektronikus dokumentum] / |c Lengyel András |
| 260 | |c 2009 | ||
| 300 | |a 132-136 | ||
| 490 | 0 | |a Iskolakultúra |v 19 No. 10 | |
| 856 | 4 | 0 | |u http://misc.bibl.u-szeged.hu/42480/1/1_EPA00011_iskolakultura_2009-10.pdf |z Dokumentum-elérés |